Random Marvel Movie Posters - Statistics

General Stats
  • This quiz has been taken 6,722 times
  • The average score is 10 of 12
Answer Stats
Picture Answer % Correct
Deadpool
96%
Ant-Man
95%
Captain America: The First Avenger
95%
Hulk
95%
Marvel's The Avengers
95%
Venom
95%
Black Panther
94%
Iron Man
94%
The Amazing Spider-Man
94%
Thor
94%
Avengers: Endgame
93%
Captain Marvel
93%
Doctor Strange
93%
Black Widow
92%
Captain America: Civil War
92%
Avengers: Infinity War
91%
Guardians of the Galaxy
91%
Iron Man 2
91%
Ant-Man and the Wasp
89%
Iron Man 3
88%
Men In Black
88%
Thor: Ragnarok
88%
Spider-Man 3
86%
Spider-Man: No Way Home
86%
Guardians of the Galaxy Vol. 2
85%
Spider-Man 2
85%
Spider-Man: Far From Home
85%
Spider-Man: Homecoming
85%
The Incredible Hulk
85%
Thor: Love and Thunder
85%
Avengers: Age of Ultron
83%
Big Hero 6
83%
Shang-Chi and the Legend of the Ten Rings
83%
Fantastic Four
81%
Spider-Man: Into the Spider-Verse
81%
Eternals
79%
Thor: The Dark World
79%
Doctor Strange in the Multiverse of Madness
77%
Captain America: The Winter Soldier
76%
Daredevil
76%
Ghost Rider
76%
Logan
75%
Morbius
74%
Blade
73%
Punisher
72%
Venom: Let There Be Carnage
72%
X-Men Origins: Wolverine
72%
Fantastic Four: Rise of the Silver Surfer
64%
Elektra
57%
Howard The Duck
56%
X-Men: Days of Future Past
55%
X-Men: Apocalypse
54%
Dark Phoenix
46%
Blade Trinity
35%
The New Mutants
35%
Men In Black: International
31%
No matching quizzes found
Score Distribution
Percent of People with Each Score
Percentile by Number Answered
Your Score History
You have not taken this quiz